000 00414nam a2200157Ia 4500
008 230524s9999 xx 000 0 und d
082 _a621.3895
_bBAL
100 _aM.N.Bandyopadhyay
245 0 _aPower Electronics and Solid State Drives (Theory & Practice)
250 _aIST
260 _aNEW DELHI
_bKhanna
_c1998
300 _aIX;432
500 _aQuantity Number: 1
650 _aElectrical
942 _cBK
999 _c37533
_d37533